00681nam 22002173 4500001000700000010002200007021001800029100004100047200008200088205000800170210004200178215003500220225002600255300003700281606003500318675002600353700002600379702002400405801001800429830001600447202101 a978-972-23-3550-8 aPTb309975/10 a20260511d u||y0pory50 ba aA noite dos animais inventadosfDavid Machadogilustrações de Teresa Lima a5ª aBarcarenacEditorial Presençad2010 a32, [2] p.cencadernadod25 cm aA arca do tesouroh11 aLER+ - Plano Nacional de Leitura aLiteratura Infantil Portuguesa a821.134.3-93vPTzpor aMachadobDavidf1978- aLimabTeresaf1962- aPTbBMMNgRPC cAna Caetano